Principios de derecho natural como introducción al estudio del derecho
Αποθηκεύτηκε σε:
| Κύριος συγγραφέας: | |
|---|---|
| Μορφή: | Βιβλίο |
| Γλώσσα: | Ισπανικά |
| Έκδοση: |
Zaragoza
s.n
1955
|
| Έκδοση: | 5a. ed |
| Θέματα: | |
| Ετικέτες: |
Προσθήκη ετικέτας
Δεν υπάρχουν, Καταχωρήστε ετικέτα πρώτοι!
|
MARC
| LEADER | 00000nam a2200000 a 4500 | ||
|---|---|---|---|
| 001 | UCK5527 | ||
| 003 | CL-VaPUC | ||
| 005 | 20220519092803.0 | ||
| 008 | 050805e19550000sp |||||||||||||||||spa|d | ||
| 999 | |c 314033 |d 314031 | ||
| 040 | |c Pontificia Universidad Católica de Valparaíso | ||
| 082 | 0 | 4 | |a 340.112 |2 21 |
| 100 | 0 | |a Sancho Izquierdo, Miguel |e author |9 494328 | |
| 245 | 1 | 0 | |a Principios de derecho natural como introducción al estudio del derecho |
| 250 | |a 5a. ed | ||
| 260 | |a Zaragoza |b s.n |c 1955 | ||
| 300 | |a 375 p | ||
| 583 | |k Rodrigo Vera |c 20220519 | ||
| 650 | 0 | |a Derecho natural |9 255041 | |
| 650 | 0 | |a Filosofía del derecho |9 255050 | |
| 650 | 0 | |a Naturaleza humana |9 308593 | |
| 942 | |c BK |2 ddc | ||
| 945 | |d 20050805 00:00:00 |a cmena | ||
| 952 | |0 0 |1 0 |4 0 |6 340_112000000000000_SAN_1955 |7 0 |8 A |9 385909 |a BIBDER |b BIBDER |d 2019-11-22 |i 4130367 |o 340.112 SAN 1955 |p 4130367 |r 2023-01-25 |w 2019-11-22 |y BK |k DER | ||